| 000 | 00482nam a2200133Ia 4500 | ||
|---|---|---|---|
| 008 | 191111s9999 xx 000 0 und d | ||
| 020 | _a9781107135765 | ||
| 100 | _aCastillo, Carlos. | ||
| 245 |
_cCarlos Castillo.-- _aBig crisis data : _bsocial media in disasters and time-critical situations / |
||
| 260 |
_aUSA : _bCambridge University Press _c2016 |
||
| 300 | _axii, 212 pages. | ||
| 650 | _aDisaster relief -- citizen participation | ||
| 650 | _aDisaster relief -- data processing | ||
| 999 |
_c362653 _d362653 |
||